000 00316 a2200157 4500
001 172349
020 _a
040 _cMagnum
100 _aFrança, Mary
240 1 0 _aChapeu de palha
_lpor
245 1 0 _aChapeu de palha
362 0 _a1899
440 1 _aÁtica
697 _aI/AVENTURA, CRIANCAS
942 _cBK
999 _c172349
_d172349